00757nam a2200157 a 450000500170000000800410001704000270005804100080008504400070009311001800010024502030028026000340048330000180051765000220053565000420055720180803165134.0140312b1999 -cn||||| |||| 00| 0 spa d aCO-BoIAVH cCO-BoIAVH  aspa acn bSecretaría de la Convención sobre los Humedales (RAMSAR, Irán, 1971)cSan José (Costa Rica)nReunión de la Conferencia de las Partes Contratantes en la Convención 10aInforme sobre los progresos en la implementación del plan de trabajo conjunto 1998-99 entre la Convención sobre los Humedales (Ramsar, Irán, 1971) y el Convenio sobre la Diversidad Biológica aMontrealbLa Secretariac1999 a45 páginas.14aRamsarxhumedales14aConvenio sobre Diversidad Biológica